[Event "Abel Cardona op"]
[Site "Cali"]
[Date "2000.12.22"]
[Round "9"]
[White "Bruzon Batista, Lazaro"]
[Black "Urday Caceres, Henry"]
[Result "1-0"]
[WhiteElo "2534"]
[BlackElo "2486"]
[PlyCount "71"]
[EventDate "2000.12.16"]
[EventType "swiss"]
[EventRounds "9"]
[EventCountry "COL"]
[SourceTitle "CBM 079 Extra"]
[Source "ChessBase"]
[SourceDate "2001.01.11"]
[SourceVersion "2"]
[SourceVersionDate "2001.01.25"]
[SourceQuality "1"]

1. e4 c5 2. Nf3 e6 3. d3 d5 4. Qe2 Nc6 5. g3 Nge7 6. Bg2 g6 7. h4 h6 8. 0-0 Bg7 9. e5 Qc7 10. Re1 Nd4 11. Nxd4 cxd4 12. c4 dxc3 13. bxc3 Nc6 14. d4 Na5 15. Bf4 Nc4 16. Nd2 Nxd2 17. Qxd2 b6 18. Bf1 Bd7 19. Rac1 b5 20. Kh2 Rc8 21. Bd3 Bf8 22. Rc2 Qa5 23. Qe2 Be7 24. h5 g5 25. Bd2 Qa4 26. f4 Rg8 27. fxg5 Bxg5 28. Bxg5 Rxg5 29. Rf1 Rc7 30. Qf3 Bc8 31. Rcf2 Re7 32. Qe2 a6 33. Rf6 Qa3 34. Rxh6 Qxc3 35. Qe3 b4 36. Rc1 1-0

[Event "Abel Cardona op"]
[Site "Cali"]
[Date "2000.12.21"]
[Round "7"]
[White "Urday Caceres, Henry"]
[Black "Komarov, Dimitri"]
[Result "0-1"]
[WhiteElo "2486"]
[BlackElo "2556"]
[PlyCount "70"]
[EventDate "2000.12.16"]
[EventType "swiss"]
[EventRounds "9"]
[EventCountry "COL"]
[SourceTitle "CBM 079 Extra"]
[Source "ChessBase"]
[SourceDate "2001.01.11"]
[SourceVersion "2"]
[SourceVersionDate "2001.01.25"]
[SourceQuality "1"]

1. d4 Nf6 2. c4 e6 3. Nf3 b6 4. g3 Ba6 5. b3 Bb4+ 6. Bd2 Be7 7. Bg2 c6 8. 0-0 d5 9. Ne5 Nfd7 10. Nxd7 Nxd7 11. Bc3 0-0 12. Nd2 Rc8 13. e4 b5 14. Re1 bxc4 15. bxc4 dxc4 16. Qa4 Bb5 17. Qc2 Re8 18. a4 Ba6 19. Rad1 Bf8 20. a5 Qc7 21. Bf1 c5 22. d5 exd5 23. exd5 Ne5 24. Qe4 Nd3 25. Qxe8 Rxe8 26. Rxe8 Qd7 27. Re3 Qf5 28. f4 Nxf4 29. Nxc4 Bxc4 30. Bxc4 Nh3+ 31. Kg2 Qf2+ 32. Kxh3 Qxe3 33. Rd3 Qe4 34. Bb5 h5 35. a6 Bd6 0-1

[Event "Abel Cardona op"]
[Site "Cali"]
[Date "2000.12.18"]
[Round "4"]
[White "Sequera Paolini, Jose Rafael"]
[Black "Urday Caceres, Henry"]
[Result "1/2-1/2"]
[WhiteElo "2357"]
[BlackElo "2486"]
[PlyCount "35"]
[EventDate "2000.12.16"]
[EventType "swiss"]
[EventRounds "9"]
[EventCountry "COL"]
[SourceTitle "CBM 079 Extra"]
[Source "ChessBase"]
[SourceDate "2001.01.11"]
[SourceVersion "2"]
[SourceVersionDate "2001.01.25"]
[SourceQuality "1"]

1. e4 c5 2. c3 Nf6 3. e5 Nd5 4. g3 d6 5. exd6 e6 6. Bg2 Nc6 7. Ne2 Bxd6 8. d4 0-0 9. 0-0 Qe7 10. Re1 Rd8 11. Nd2 cxd4 12. Nxd4 Nxd4 13. Bxd5 Nc6 14. Be4 Bd7 15. Nc4 Bc7 16. Qh5 h6 17. Ne3 Be8 18. Qe2 1/2-1/2

[Event "Caribbean op"]
[Site "Port of Spain"]
[Date "1999.01.16"]
[Round "7.1"]
[White "Stripunsky, Alexander"]
[Black "Urday Caceres, Henry"]
[Result "1-0"]
[WhiteElo "2482"]
[BlackElo "2486"]
[PlyCount "63"]
[EventDate "1999.01.??"]
[EventType "swiss"]
[EventRounds "9"]
[EventCountry "TRI"]
[SourceTitle "EXT 2002"]
[Source "ChessBase"]
[SourceDate "2001.11.25"]
[SourceVersion "1"]
[SourceVersionDate "2001.11.25"]
[SourceQuality "1"]

1. e4 c5 2. Nf3 e6 3. c3 Nf6 4. e5 Nd5 5. d4 cxd4 6. cxd4 d6 7. Bc4 Nc6 8. 0-0 Be7 9. Qe2 0-0 10. Rd1 Bd7 11. Qe4 Na5 12. Bd3 g6 13. Bh6 Re8 14. Nbd2 Rc8 15. h4 Nb4 16. Bf1 Nd5 17. Bg5 Qb6 18. Qg4 dxe5 19. dxe5 Qb4 20. Ne4 h5 21. Bxe7 Qxe7 22. Qg3 Red8 23. Nfg5 Be8 24. Rxd5 exd5 25. Nf6+ Kh8 26. Qf4 Kg7 27. g4 Nc6 28. gxh5 Nxe5 29. h6+ Kh8 30. Re1 Rd6 31. Nxe8 f6 32. Nxf6 1-0

[Event "Caribbean op"]
[Site "Port of Spain"]
[Date "1999.01.15"]
[Round "5"]
[White "Urday Caceres, Henry"]
[Black "Ostos, Julio Eduardo"]
[Result "1-0"]
[WhiteElo "2475"]
[BlackElo "2330"]
[PlyCount "57"]
[EventDate "1999.01.??"]
[EventType "swiss"]
[EventRounds "9"]
[EventCountry "TRI"]
[SourceTitle "CBM 068 Extra"]
[Source "ChessBase"]
[SourceDate "1999.03.01"]
[SourceVersion "1"]
[SourceVersionDate "1999.03.01"]
[SourceQuality "1"]

1. c4 Nf6 2. Nc3 c5 3. Nf3 g6 4. d4 Bg7 5. e4 0-0 6. Be2 d6 7. 0-0 Bg4 8. Be3 Bxf3 9. Bxf3 cxd4 10. Bxd4 Nc6 11. Be3 Qa5 12. Rc1 Rfc8 13. Be2 Rab8 14. f3 a6 15. Qd2 b5 16. cxb5 axb5 17. Rfd1 b4 18. Nd5 Kf8 19. Bc4 Nxd5 20. Bxd5 Qb5 21. Qc2 Na7 22. Qb3 Rxc1 23. Rxc1 Rc8 24. Rxc8+ Nxc8 25. Bxf7 Qe2 26. h3 Qe1+ 27. Kh2 Qf1 28. Bc4 Be5+ 29. f4 1-0

[Event "Caribbean op"]
[Site "Port of Spain"]
[Date "1999.01.14"]
[Round "4"]
[White "Denny, Kevin"]
[Black "Urday Caceres, Henry"]
[Result "0-1"]
[WhiteElo "2260"]
[BlackElo "2475"]
[PlyCount "112"]
[EventDate "1999.01.??"]
[EventType "swiss"]
[EventRounds "9"]
[EventCountry "TRI"]
[SourceTitle "CBM 068 Extra"]
[Source "ChessBase"]
[SourceDate "1999.03.01"]
[SourceVersion "1"]
[SourceVersionDate "1999.03.01"]
[SourceQuality "1"]

1. e4 c5 2. Nf3 e6 3. c3 Nf6 4. e5 Nd5 5. d4 cxd4 6. Bc4 Nb6 7. Bb3 dxc3 8. Nxc3 d5 9. exd6 Bxd6 10. 0-0 Nc6 11. Ng5 h6 12. Qh5 0-0 13. Nce4 Be7 14. Rd1 Qe8 15. Nf3 f6 16. Qf5 Qf7 17. Qb5 Bd7 18. Rxd7 Nxd7 19. Qxb7 Nde5 20. Nxe5 Nxe5 21. Qa6 Kh8 22. Bxe6 Qg6 23. Ng3 Bc5 24. Bf5 Qf7 25. Bd2 Rad8 26. Bc3 Rfe8 27. h3 Bd4 28. Bxd4 Rxd4 29. Rc1 Nc4 30. Qa4 Red8 31. Qb3 Qc7 32. Be6 Qf4 33. Ne2 Nd2 34. Nxf4 Nxb3 35. axb3 Rxf4 36. Rc7 Rd1+ 37. Kh2 Rxf2 38. Kg3 Rdd2 39. Bd5 Rf1 40. Bf3 Rxb2 41. Rxa7 Rxb3 42. h4 Kh7 43. h5 Rb5 44. Ra8 Rg5+ 45. Kh2 Rxf3 46. gxf3 Rxh5+ 47. Kg3 Rg5+ 48. Kh2 h5 49. Ra4 Kh6 50. Rb4 Ra5 51. Rc4 g5 52. Kg3 Kg6 53. Rb4 Ra2 54. Rb5 h4+ 55. Kh3 Rf2 56. Rb3 Kh5 0-1

[Event "PER-ch"]
[Site "Lima"]
[Date "1999.??.??"]
[Round "6"]
[White "Ledesma, Otoniel"]
[Black "Urday Caceres, Henry"]
[Result "1/2-1/2"]
[WhiteElo "2287"]
[BlackElo "2483"]
[PlyCount "64"]
[EventDate "1999.02.??"]
[EventType "swiss"]
[EventRounds "9"]
[EventCountry "PER"]
[SourceTitle "CBM 073 Extra"]
[Source "ChessBase"]
[SourceDate "2000.01.11"]
[SourceVersion "1"]
[SourceVersionDate "2000.01.11"]
[SourceQuality "1"]

1. d4 Nf6 2. c4 e6 3. Nc3 Bb4 4. Qc2 0-0 5. a3 Bxc3+ 6. Qxc3 b6 7. Bg5 Bb7 8. e3 h6 9. Bh4 d6 10. f3 Nbd7 11. Nh3 c5 12. dxc5 bxc5 13. Be2 a5 14. 0-0 Qb6 15. Rad1 d5 16. Rd2 a4 17. Re1 Bc6 18. Bf2 Rab8 19. Nf4 Qa7 20. cxd5 exd5 21. Bd1 Rfe8 22. Nd3 Bb5 23. Nf4 Bc6 24. Nd3 Rbc8 25. Bc2 Bb5 26. Bb1 Nb6 27. Rdd1 Bc4 28. Rc1 Qa6 29. Ne5 Bb5 30. h3 Nfd7 31. Nxd7 Nxd7 32. Bf5 Qb7 1/2-1/2

[Event "Santiago op"]
[Site "Santiago de Chile"]
[Date "1999.??.??"]
[Round "6"]
[White "Szmetan, Jorge"]
[Black "Urday Caceres, Henry"]
[Result "1-0"]
[WhiteElo "2403"]
[BlackElo "2486"]
[PlyCount "73"]
[EventDate "1999.??.??"]
[EventType "swiss"]
[EventRounds "9"]
[EventCountry "CHI"]
[SourceTitle "EXT 2000"]
[Source "ChessBase"]
[SourceDate "1999.11.16"]
[SourceVersion "1"]
[SourceVersionDate "1999.11.16"]
[SourceQuality "1"]

1. Nf3 Nf6 2. c4 e6 3. g3 d5 4. b3 b6 5. Bg2 Bb7 6. 0-0 Be7 7. Bb2 0-0 8. e3 Nbd7 9. Qc2 c5 10. Nc3 Rc8 11. Rac1 Qc7 12. cxd5 Nxd5 13. Nxd5 Bxd5 14. e4 Bc6 15. d4 Qb7 16. Rfe1 Bf6 17. Rcd1 Rfd8 18. h4 Nf8 19. d5 exd5 20. Bxf6 gxf6 21. exd5 Rxd5 22. Rxd5 Bxd5 23. Qf5 Kg7 24. h5 h6 25. Qg4+ Kh8 26. Qf4 Nh7 27. Bh3 Be6 28. Bxe6 fxe6 29. Rxe6 Qd5 30. Re7 Qxh5 31. Rxa7 b5 32. Qe4 Ng5 33. Nxg5 hxg5 34. Qf5 Rf8 35. Qxc5 Qh6 36. Qxb5 g4 37. Qd5 1-0

[Event "PER-ch"]
[Site "Lima"]
[Date "1999.??.??"]
[Round "5"]
[White "Urday Caceres, Henry"]
[Black "Castaneda, Georgui"]
[Result "1/2-1/2"]
[WhiteElo "2483"]
[BlackElo "2415"]
[PlyCount "123"]
[EventDate "1999.02.??"]
[EventType "swiss"]
[EventRounds "9"]
[EventCountry "PER"]
[SourceTitle "CBM 073 Extra"]
[Source "ChessBase"]
[SourceDate "2000.01.11"]
[SourceVersion "1"]
[SourceVersionDate "2000.01.11"]
[SourceQuality "1"]

1. d4 d6 2. Nf3 g6 3. c4 Bg7 4. Nc3 Nf6 5. e4 0-0 6. Be2 e5 7. 0-0 exd4 8. Nxd4 Re8 9. f3 Nh5 10. g4 Nf6 11. Bg5 h6 12. Bh4 Nc6 13. Nc2 Qd7 14. Qd2 Nh7 15. Rad1 b6 16. b3 Bb7 17. Nd5 Nd8 18. Rfe1 Ne6 19. Bf1 c6 20. Nde3 Nhg5 21. Bg2 Be5 22. Bg3 Nf4 23. Nb4 Nge6 24. Nd3 Nxd3 25. Qxd3 Qe7 26. Bf1 Qf6 27. Ng2 Rad8 28. Kh1 Bxg3 29. hxg3 d5 30. cxd5 cxd5 31. e5 Qg5 32. Qe2 d4 33. f4 Qe7 34. Qf2 Qd7 35. Be2 Qc6 36. Bf1 Qc3 37. Rd3 Qc8 38. Red1 Nc5 39. Rxd4 Rxd4 40. Rxd4 Qxg4 41. Kh2 Qf5 42. Ne3 Qc8 43. Bh3 Ne6 44. Nc4 Qc7 45. Rd1 Rd8 46. Nd6 Ba8 47. Qe3 Nc5 48. b4 Ne6 49. Rc1 Qd7 50. a3 Qe7 51. Qd3 Nc7 52. Rd1 Kh7 53. Bg2 Bxg2 54. Kxg2 Ne8 55. Rd2 Kg8 56. Qd5 Kf8 57. Kf3 h5 58. b5 Qd7 59. a4 Qg4+ 60. Kf2 Qd7 61. Qc4 Qe7 62. Qd5 1/2-1/2

[Event "Lima op g25"]
[Site "Lima"]
[Date "1999.??.??"]
[Round "9"]
[White "Urday Caceres, Henry"]
[Black "Cruz Estrada, Filemon"]
[Result "1-0"]
[WhiteElo "2486"]
[BlackElo "2355"]
[PlyCount "67"]
[EventDate "1999.??.??"]
[EventType "swiss (rapid)"]
[EventRounds "9"]
[EventCountry "PER"]
[SourceTitle "EXT 2001"]
[Source "ChessBase"]
[SourceDate "2000.11.22"]
[SourceVersion "1"]
[SourceVersionDate "2000.11.22"]
[SourceQuality "1"]

1. d4 d5 2. c4 dxc4 3. e4 Nf6 4. e5 Nd5 5. Bxc4 Nc6 6. Ne2 Be6 7. Bb5 g6 8. Nbc3 Bg7 9. Ne4 0-0 10. Nc5 Ndb4 11. a3 Nxd4 12. Ba4 Nxe2 13. Qxe2 Nc6 14. Bxc6 bxc6 15. Nxe6 fxe6 16. 0-0 Qd4 17. Qc2 Bxe5 18. Be3 Qxb2 19. Qxc6 Bd6 20. g3 a6 21. Rfd1 Qb5 22. Qe4 Qf5 23. Qc4 a5 24. Re1 Kg7 25. Rab1 Rab8 26. Bd4+ e5 27. Rxb8 Rxb8 28. Bc3 Rb1 29. Bxa5 Rxe1+ 30. Bxe1 Bxa3 31. Qxc7 Bd6 32. Qc3 Qe4 33. Bd2 h5 34. h4 1-0

[Event "Santiago op"]
[Site "Santiago de Chile"]
[Date "1999.??.??"]
[Round "7"]
[White "Urday Caceres, Henry"]
[Black "Guerb, Leonid"]
[Result "1-0"]
[WhiteElo "2486"]
[BlackElo "2265"]
[PlyCount "47"]
[EventDate "1999.??.??"]
[EventType "swiss"]
[EventRounds "9"]
[EventCountry "CHI"]
[SourceTitle "EXT 2000"]
[Source "ChessBase"]
[SourceDate "1999.11.16"]
[SourceVersion "1"]
[SourceVersionDate "1999.11.16"]
[SourceQuality "1"]

1. d4 Nf6 2. Nf3 d5 3. c4 c6 4. Nc3 dxc4 5. a4 Bg4 6. Ne5 Bh5 7. f3 Nfd7 8. Nxc4 e5 9. Ne4 Bb4+ 10. Bd2 Qe7 11. dxe5 0-0 12. Qb3 a5 13. Bxb4 axb4 14. f4 Na6 15. Ncd6 Bg4 16. e3 Be6 17. Bc4 Bxc4 18. Qxc4 Kh8 19. 0-0 f6 20. Nf5 Qe8 21. Ned6 Qg6 22. Ne7 Qh5 23. Rf3 Nb6 24. Qc2 1-0

[Event "Santiago op"]
[Site "Santiago de Chile"]
[Date "1999.??.??"]
[Round "5"]
[White "Urday Caceres, Henry"]
[Black "Zamora, Carlos"]
[Result "1-0"]
[WhiteElo "2486"]
[BlackElo "2205"]
[PlyCount "69"]
[EventDate "1999.??.??"]
[EventType "swiss"]
[EventRounds "9"]
[EventCountry "CHI"]
[SourceTitle "EXT 2000"]
[Source "ChessBase"]
[SourceDate "1999.11.16"]
[SourceVersion "1"]
[SourceVersionDate "1999.11.16"]
[SourceQuality "1"]

1. d4 d5 2. c4 c6 3. Nf3 Nf6 4. Nc3 e6 5. e3 Nbd7 6. Qc2 Bd6 7. Be2 0-0 8. 0-0 b6 9. e4 dxe4 10. Nxe4 Nxe4 11. Qxe4 Bb7 12. Rd1 Qe7 13. Bg5 f6 14. Bf4 Rae8 15. Bxd6 Qxd6 16. c5 Qd5 17. Qc2 b5 18. a4 a6 19. Bd3 g6 20. Be4 Qh5 21. axb5 axb5 22. Ra7 Rb8 23. Qb3 Rfe8 24. Re1 Nxc5 25. dxc5 Qxc5 26. Raa1 Qb6 27. Rac1 c5 28. Bxb7 Rxb7 29. Qc3 e5 30. Qxc5 Qxc5 31. Rxc5 Rd8 32. g3 Kf7 33. Kg2 Rd3 34. Re4 b4 35. Re3 1-0

[Event "Carlos Torre Memorial op 11th"]
[Site "Merida"]
[Date "1998.12.20"]
[Round "6"]
[White "Armas Gutierrez, Jorge Enrique"]
[Black "Urday Caceres, Henry"]
[Result "1/2-1/2"]
[WhiteElo "2450"]
[BlackElo "2475"]
[PlyCount "63"]
[EventDate "1998.12.??"]
[EventType "swiss"]
[EventRounds "9"]
[EventCountry "MEX"]
[SourceTitle "EXT 2000"]
[Source "ChessBase"]
[SourceDate "1999.11.16"]
[SourceVersion "1"]
[SourceVersionDate "1999.11.16"]
[SourceQuality "1"]

1. d4 Nf6 2. Nf3 e6 3. c4 Bb4+ 4. Bd2 a5 5. Nc3 b6 6. e3 Bb7 7. Bd3 d6 8. Qe2 Nbd7 9. e4 e5 10. d5 Nc5 11. Bc2 Bc8 12. h3 0-0 13. g4 Ne8 14. Rg1 Bd7 15. Rg3 c6 16. Kf1 Bxc3 17. Bxc3 cxd5 18. cxd5 Nc7 19. Kg2 Nb5 20. Bd2 Rc8 21. Be3 Nc7 22. Rc1 Bb5 23. Qd1 N7a6 24. Bb1 Qe7 25. Ne1 Rc7 26. Bd2 Rfc8 27. Rgc3 Qd7 28. Qf3 Na4 29. Rxc7 Rxc7 30. b3 Rxc1 31. Bxc1 Qc7 32. Bd2 1/2-1/2

[Event "Najdorf Festival op"]
[Site "Buenos Aires"]
[Date "1998.10.27"]
[Round "4"]
[White "Julia, Ernesto"]
[Black "Urday Caceres, Henry"]
[Result "1/2-1/2"]
[WhiteElo "2350"]
[BlackElo "2475"]
[PlyCount "89"]
[EventDate "1998.10.??"]
[EventType "swiss"]
[EventRounds "9"]
[EventCountry "ARG"]
[SourceTitle "CBM 067 Extra"]
[Source "ChessBase"]
[SourceDate "1999.01.01"]
[SourceVersion "1"]
[SourceVersionDate "1999.01.01"]
[SourceQuality "1"]

1. d4 Nf6 2. c4 e6 3. Nc3 Bb4 4. Nf3 c5 5. e3 Nc6 6. Be2 0-0 7. 0-0 Bxc3 8. bxc3 d6 9. Qc2 e5 10. d5 Ne7 11. Nh4 g5 12. Nf3 h6 13. Nd2 Ng6 14. Bd3 Kg7 15. Re1 Nh7 16. Bf5 Bxf5 17. Qxf5 Nh4 18. Qb1 Qc8 19. f3 f5 20. a4 Nf6 21. Ra2 Re8 22. g3 Ng6 23. e4 f4 24. Nf1 h5 25. Rg2 Kf7 26. Ree2 Rg8 27. Kh1 Rb8 28. Ref2 Ke7 29. Rg1 Qh3 30. Qc2 Kd7 31. a5 Kc7 32. Qe2 Rbe8 33. gxf4 Nxf4 34. Qd1 Qd7 35. a6 b6 36. Ra2 g4 37. Ng3 gxf3 38. Qxf3 Rg4 39. Nf5 Reg8 40. Rg3 R8g5 41. Bxf4 exf4 42. Rxg4 Rxg4 43. Re2 Qa4 44. Re1 Qc2 45. Nxd6 1/2-1/2

[Event "Najdorf Festival op"]
[Site "Buenos Aires"]
[Date "1998.10.25"]
[Round "2"]
[White "Altamirano, Benjamin"]
[Black "Urday Caceres, Henry"]
[Result "0-1"]
[WhiteElo "2260"]
[BlackElo "2475"]
[PlyCount "98"]
[EventDate "1998.10.??"]
[EventType "swiss"]
[EventRounds "9"]
[EventCountry "ARG"]
[SourceTitle "CBM 067 Extra"]
[Source "ChessBase"]
[SourceDate "1999.01.01"]
[SourceVersion "1"]
[SourceVersionDate "1999.01.01"]
[SourceQuality "1"]

1. c4 e5 2. g3 Nc6 3. Bg2 g6 4. Nc3 Bg7 5. Rb1 d6 6. b4 h5 7. b5 Nd4 8. e3 Ne6 9. h4 Nh6 10. Nf3 0-0 11. d4 exd4 12. exd4 a6 13. a4 axb5 14. axb5 c5 15. 0-0 Nf5 16. Nd5 Nfxd4 17. Nxd4 Bxd4 18. Bh6 Re8 19. b6 Bd7 20. Be3 Bc6 21. Bxd4 Bxd5 22. Bf6 Qxf6 23. Qxd5 Re7 24. Rbe1 Nd4 25. Re4 Ra6 26. Rxe7 Qxe7 27. Qxb7 Qxb7 28. Bxb7 Rxb6 29. Bd5 Ne2+ 30. Kg2 Kg7 31. Bf3 Nc3 32. Rc1 Rb3 33. Rc2 Kf6 34. Bc6 Rb6 35. Bf3 Na4 36. Rd2 Nb2 37. Bd5 Rb4 38. Rc2 Na4 39. Bf3 Rb2 40. Rc1 Rd2 41. Kf1 Nb2 42. Be2 Ke5 43. Ra1 Rc2 44. Ra7 Ke6 45. g4 hxg4 46. Bxg4+ f5 47. Be2 Nxc4 48. Rg7 Ne5 49. f4 Kf6 0-1

[Event "Olympiad-33"]
[Site "Elista"]
[Date "1998.10.09"]
[Round "10.1"]
[White "Kelly, Brian"]
[Black "Urday Caceres, Henry"]
[Result "0-1"]
[WhiteElo "2405"]
[BlackElo "2475"]
[PlyCount "124"]
[EventDate "1998.09.29"]
[EventType "team-swiss"]
[EventRounds "13"]
[EventCountry "RUS"]
[SourceTitle "CBM 068"]
[Source "ChessBase"]
[SourceDate "1999.02.01"]
[SourceVersion "1"]
[SourceVersionDate "1999.02.01"]
[SourceQuality "1"]
[WhiteTeam "Ireland"]
[BlackTeam "Peru"]
[WhiteTeamCountry "IRL"]
[BlackTeamCountry "PER"]

1. d4 Nf6 2. c4 e6 3. Nc3 Bb4 4. Qc2 0-0 5. a3 Bxc3+ 6. Qxc3 b6 7. Bg5 Bb7 8. Nf3 h6 9. Bh4 d6 10. Nd2 Nbd7 11. f3 c5 12. e3 Rc8 13. Bd3 Ba6 14. 0-0 cxd4 15. exd4 Bxc4 16. Nxc4 d5 17. Qb3 dxc4 18. Bxc4 Nb8 19. Rad1 Qc7 20. Bd3 Nd5 21. Rfe1 Qf4 22. Re4 Qd6 23. Kh1 Qd7 24. Ree1 Nf4 25. Bb1 Nc6 26. Qe3 Nd5 27. Qe4 g6 28. Qd3 Nce7 29. Qd2 Kh7 30. Bf2 Nf5 31. h4 Ng7 32. Re5 h5 33. Rde1 Rc6 34. R5e2 Ne7 35. Rd1 Rd6 36. Qf4 Nc6 37. Red2 Rd8 38. Ba2 Qe7 39. Qe4 Qf6 40. d5 exd5 41. Bxd5 Nf5 42. Qc2 Ncd4 43. Bxd4 Qxh4+ 44. Kg1 Rxd5 45. Bf2 Rxd2 46. Rxd2 Qg5 47. Rxd8 Qxd8 48. Qc4 Kg8 49. b3 Qd1+ 50. Kh2 Qd6+ 51. Kh3 Qxa3 52. g4 hxg4+ 53. fxg4 Nd6 54. Qd5 Ne8 55. Bd4 Qd6 56. Qe4 Nc7 57. Bb2 Qd5 58. Qe3 Ne6 59. Bf6 g5 60. Kg3 Kh7 61. Be5 Nc5 62. Kh2 Kg6 0-1

[Event "Olympiad-33"]
[Site "Elista"]
[Date "1998.10.06"]
[Round "8.1"]
[White "Urday Caceres, Henry"]
[Black "Dao, Thien Hai"]
[Result "0-1"]
[WhiteElo "2475"]
[BlackElo "2580"]
[PlyCount "98"]
[EventDate "1998.09.29"]
[EventType "team-swiss"]
[EventRounds "13"]
[EventCountry "RUS"]
[SourceTitle "CBM 068"]
[Source "ChessBase"]
[SourceDate "1999.02.01"]
[SourceVersion "1"]
[SourceVersionDate "1999.02.01"]
[SourceQuality "1"]
[WhiteTeam "Peru"]
[BlackTeam "Vietnam"]
[WhiteTeamCountry "PER"]
[BlackTeamCountry "VIE"]

1. d4 d5 2. c4 e6 3. Nc3 c6 4. e3 Nf6 5. Nf3 Nbd7 6. Qc2 Bd6 7. Be2 0-0 8. 0-0 dxc4 9. Bxc4 b5 10. Be2 Bb7 11. e4 e5 12. dxe5 Nxe5 13. Bg5 Nxf3+ 14. Bxf3 Qe7 15. Bh4 Rfe8 16. Rfe1 Be5 17. Bg3 a6 18. a4 Rad8 19. axb5 cxb5 20. Nd5 Nxd5 21. exd5 Qd6 22. Rxe5 Rxe5 23. Qc3 f6 24. Bxe5 Qxe5 25. Qxe5 fxe5 26. Re1 Re8 27. g3 Kf7 28. Bg2 b4 29. h3 h6 30. Ra1 Rc8 31. Ra4 Rc4 32. d6 e4 33. Kh2 Ke6 34. Bf1 Rd4 35. Bxa6 Bc6 36. Ra1 Rd2 37. Kg1 Kxd6 38. b3 Bd5 39. Bf1 Rb2 40. Rd1 Ke6 41. Rd4 Rxb3 42. Bc4 Bxc4 43. Rxc4 Kd5 44. Rc7 g5 45. h4 Rc3 46. Rb7 Kc4 47. hxg5 hxg5 48. Re7 Kd3 49. Rb7 b3 0-1

[Event "Sao Paulo zt"]
[Site "Sao Paulo"]
[Date "1998.09.14"]
[Round "7"]
[White "Urday Caceres, Henry"]
[Black "Matsuura, Everaldo"]
[Result "1-0"]
[WhiteElo "2475"]
[BlackElo "2400"]
[PlyCount "85"]
[EventDate "1998.09.??"]
[EventType "swiss"]
[EventRounds "9"]
[EventCountry "BRA"]
[SourceTitle "EXT 1999"]
[Source "ChessBase"]
[SourceDate "1998.11.16"]
[SourceVersion "1"]
[SourceVersionDate "1998.11.16"]
[SourceQuality "1"]

1. c4 e5 2. Nc3 Nf6 3. g3 d5 4. cxd5 Nxd5 5. Bg2 Nb6 6. Nf3 Nc6 7. 0-0 Be7 8. a3 0-0 9. b4 Re8 10. Rb1 Bf8 11. d3 a5 12. b5 Nd4 13. Nd2 Rb8 14. Re1 Bg4 15. h3 Bh5 16. Nb3 a4 17. Na5 Qc8 18. Bb2 f5 19. Nd5 Nxd5 20. Bxd5+ Kh8 21. Bxd4 exd4 22. Nc4 Qd7 23. Bf3 Bxf3 24. exf3 Qd5 25. Kg2 Rxe1 26. Qxe1 Ra8 27. b6 c6 28. Qe2 Kg8 29. Re1 g6 30. h4 Bd6 31. Qd2 f4 32. Re4 fxg3 33. fxg3 Rf8 34. Qg5 Qxg5 35. hxg5 Bc5 36. g4 Ra8 37. Re5 Bf8 38. f4 Kf7 39. Kf3 Re8 40. Ra5 Re1 41. Ra7 Re7 42. f5 gxf5 43. gxf5 1-0

[Event "Berliner Sommer 16th"]
[Site "Berlin"]
[Date "1998.??.??"]
[Round "3"]
[White "Tsiganova, Monika"]
[Black "Urday Caceres, Henry"]
[Result "0-1"]
[WhiteElo "2335"]
[BlackElo "2475"]
[PlyCount "76"]
[EventDate "1998.08.08"]
[EventType "swiss"]
[EventRounds "9"]
[EventCountry "GER"]
[SourceTitle "CBM 066 Extra"]
[Source "ChessBase"]
[SourceDate "1998.11.06"]
[SourceVersion "1"]
[SourceVersionDate "1998.11.06"]
[SourceQuality "1"]

1. d4 Nf6 2. c4 e6 3. Nf3 Bb4+ 4. Bd2 a5 5. g3 b6 6. Bg2 Bb7 7. 0-0 0-0 8. a3 Be7 9. Nc3 Ne4 10. Rc1 f5 11. d5 Bf6 12. e3 Nd6 13. b3 Na6 14. dxe6 dxe6 15. Nd4 Bxg2 16. Kxg2 Nc5 17. Qc2 e5 18. Nde2 Qd7 19. Nd5 a4 20. bxa4 Nxa4 21. Rfd1 Qc6 22. Bb4 Nc5 23. f3 e4 24. f4 Nd3 25. Nd4 Qd7 26. Nb5 c5 27. Nxb6 Qc6 28. Nxa8 cxb4 29. Nac7 bxa3 30. Nxd6 Qxd6 31. Nd5 Bb2 32. Rb1 Rc8 33. Qa4 h6 34. Qb5 Kh8 35. Rd2 a2 36. Rdxb2 Nxb2 37. Ra1 Nxc4 38. Rxa2 Qxd5 0-1

[Event "Berliner Sommer 16th"]
[Site "Berlin"]
[Date "1998.??.??"]
[Round "9"]
[White "Urday Caceres, Henry"]
[Black "Mikhaletz, Lubomir"]
[Result "0-1"]
[WhiteElo "2475"]
[BlackElo "2495"]
[PlyCount "72"]
[EventDate "1998.08.08"]
[EventType "swiss"]
[EventRounds "9"]
[EventCountry "GER"]
[SourceTitle "CBM 066 Extra"]
[Source "ChessBase"]
[SourceDate "1998.11.06"]
[SourceVersion "1"]
[SourceVersionDate "1998.11.06"]
[SourceQuality "1"]

1. d4 d5 2. c4 e6 3. Nc3 c6 4. Nf3 dxc4 5. a4 Bb4 6. e3 b5 7. Bd2 a5 8. axb5 Bxc3 9. Bxc3 cxb5 10. b3 Bb7 11. bxc4 b4 12. Bb2 Nf6 13. Bd3 0-0 14. 0-0 Nbd7 15. Re1 Re8 16. e4 e5 17. Qc2 Qc7 18. c5 h6 19. h3 exd4 20. Bxd4 Ba6 21. e5 Bxd3 22. Qxd3 Nd5 23. Rad1 Nf4 24. Qe4 Ne6 25. c6 Nb8 26. Rc1 Ra6 27. Be3 Rxc6 28. Qd5 Rc8 29. Kh2 Rxc1 30. Rxc1 Nc6 31. Qb5 Ned8 32. g3 Rb8 33. Qa4 b3 34. Bc5 Qb7 35. Ba3 b2 36. Rb1 Qb3 0-1

[Event "Sao Paulo zt"]
[Site "Sao Paulo"]
[Date "1998.??.??"]
[Round "2"]
[White "Urday Caceres, Henry"]
[Black "Oblitas Guerrero, Carlomagno"]
[Result "1-0"]
[WhiteElo "2475"]
[BlackElo "2420"]
[PlyCount "77"]
[EventDate "1998.09.??"]
[EventType "swiss"]
[EventRounds "9"]
[EventCountry "BRA"]
[SourceTitle "EXT 1999"]
[Source "ChessBase"]
[SourceDate "1998.11.16"]
[SourceVersion "1"]
[SourceVersionDate "1998.11.16"]
[SourceQuality "1"]

1. d4 Nf6 2. c4 c5 3. d5 d6 4. Nc3 g6 5. e4 Bg7 6. h3 0-0 7. Nf3 b5 8. cxb5 a6 9. a4 axb5 10. Bxb5 Ba6 11. Qe2 Qa5 12. Ra3 Qb4 13. Bxa6 Nxa6 14. Nd2 Nd7 15. 0-0 Qb7 16. Nc4 Ne5 17. Nb5 Nc7 18. Nxc7 Qxc7 19. b3 Rfb8 20. Bd2 Qc8 21. f4 Nxc4 22. bxc4 Rb2 23. a5 Bd4+ 24. Kh1 Qa6 25. Qd3 Rab8 26. Re1 f6 27. Rc1 Kf7 28. Kh2 R8b7 29. Be3 Bxe3 30. Qxe3 Rb1 31. Rcc3 Rf1 32. e5 Rbb1 33. exd6 Rfe1 34. Qxc5 exd6 35. Qd4 h5 36. Re3 Rxe3 37. Rxe3 Qxa5 38. Qe4 Qa7 39. Qe8+ 1-0